|
|
|
|
| LEADER |
01579nam a22003017a 4500 |
| 001 |
AAL8989 |
| 003 |
BD-DhAAL |
| 005 |
20170508143242.0 |
| 008 |
170508m20072008- ||||| |||| 00| 0 eng d |
| 999 |
|
|
|c 38126
|d 38126
|
| 020 |
|
|
|a 9781847243409
|
| 040 |
|
|
|a BD-DhAAL
|d BD-DhAAL
|
| 082 |
|
|
|a 366.09
|
| 100 |
|
|
|a Black, Jonathan
|9 21502
|
| 245 |
|
|
|a The secret history of the world /
|c Jonathan Black
|
| 260 |
|
|
|a London
|b Quercus,
|c 2008
|
| 300 |
|
|
|a 575 p. :
|b ill. ;
|c 22 cm.
|
| 500 |
|
|
|a Includes Index.
|
| 541 |
|
|
|e 8989
|
| 650 |
|
|
|a Secret societies
|x History.
|9 21503
|
| 650 |
|
|
|a Secret societies
|9 21504
|
| 852 |
|
|
|a Savar Campus Library
|c General Shelf
|
| 942 |
|
|
|2 ddc
|c BK
|
| 952 |
|
|
|0 0
|1 3
|2 ddc
|4 0
|6 366_090000000000000_BLA
|7 0
|9 60595
|a SCL
|b SCL
|c GEN
|d 2017-05-08
|e Tajin Boi Gar
|l 5
|m 23
|o 366.09 BLA
|p 3020008989
|r 2018-08-03
|s 2018-05-15
|t 1
|w 2017-05-08
|y BK
|
| 952 |
|
|
|0 0
|1 0
|2 ddc
|4 0
|6 366_090000000000000_BLA
|7 0
|9 60596
|a SCL
|b SCL
|c GEN
|d 2017-05-08
|e Tajin Boi Gar
|l 26
|m 50
|o 366.09 BLA
|p 3020008988
|r 2026-05-06
|s 2026-04-28
|t 2
|w 2017-05-08
|y BK
|
| 952 |
|
|
|0 0
|1 0
|2 ddc
|4 0
|6 366_090000000000000_BLA
|7 0
|9 60597
|a SCL
|b SCL
|c GEN
|d 2017-05-08
|e Tajin Boi Gar
|l 11
|m 49
|o 366.09 BLA
|p 3020008987
|r 2022-07-25
|s 2022-04-03
|t 3
|w 2017-05-08
|y BK
|
| 952 |
|
|
|0 0
|1 0
|2 ddc
|4 0
|6 366_090000000000000_BLA
|7 0
|9 60598
|a SCL
|b SCL
|c GEN
|d 2017-05-08
|e Tajin Boi Gar
|l 21
|m 97
|o 366.09 BLA
|p 3020008986
|r 2026-05-03
|s 2026-05-02
|t 4
|w 2017-05-08
|y BK
|
| 952 |
|
|
|0 0
|1 0
|2 ddc
|4 0
|6 366_090000000000000_BLA
|7 0
|9 60599
|a SCL
|b SCL
|c GEN
|d 2017-05-08
|e Tajin Boi Gar
|l 12
|m 33
|o 366.09 BLA
|p 3020008985
|r 2022-04-12
|s 2022-03-30
|t 5
|w 2017-05-08
|y BK
|